|
|
|
|
| LEADER |
00000cam a2200000 a 4500 |
| 001 |
vtls008402535 |
| 003 |
SK-MaSNL |
| 005 |
20260302092132.0 |
| 008 |
220512s1909 xo 000 f slo |
| 015 |
|
|
|a SNBA19011918-002259
|
| 035 |
|
|
|a SK01SNKBSKFE20010094752
|
| 035 |
|
|
|a urn:nbn:sk:snk-am3hjn7
|
| 035 |
|
|
|a 12390E99-6EAF-48AA-A36F-4D6F97CFE0D7
|
| 035 |
|
|
|a urn:nbn:sk:snk-am00d2p3
|
| 035 |
|
|
|a SKM000097215
|
| 040 |
|
|
|a SNK
|b slo
|a SNK
|e AACR2
|c SNK
|
| 041 |
1 |
|
|a slo
|h rus
|
| 044 |
|
|
|a xo
|c SK
|
| 080 |
|
|
|a 882-3
|2 1981
|
| 100 |
1 |
|
|a Tolstoj, Lev Nikolajevič,
|d 1828-1910
|4 aut
|9 14566
|
| 245 |
1 |
0 |
|a Krstňa
|b rozprávka L.N. Tolstého
|c [preložil Alb. Škarvan]
|
| 250 |
|
|
|a [2. vyd.]
|
| 260 |
|
|
|a V Lipt. Ružomberku
|b Karol Salva
|c 1909
|e Liptovský Ružomberok
|f Karol Salva
|
| 300 |
|
|
|a 19 s.
|c 8°
|
| 490 |
1 |
|
|a Poučné čítanie
|v č. 2
|
| 500 |
|
|
|a Obálkový názov. Preložené z ruštiny
|
| 655 |
|
7 |
|a ruské poviedky
|2 SNKPH
|9 84555
|
| 700 |
1 |
|
|a Škarvan, Albert,
|d 1869-1926
|4 trl
|9 105161
|
| 752 |
|
|
|a Slovensko
|d Ružomberok
|
| 830 |
|
0 |
|a Poučné čítanie
|9 761498
|
| 954 |
|
|
|a beletria cudzojazyčná (svetová)
|2 lita
|
| 958 |
|
|
|a ONDV
|
| 958 |
|
|
|a RK
|
| 958 |
|
|
|a TL
|
| 999 |
|
|
|c 1203521
|d 1205451
|
| 952 |
|
|
|a SNK
|b SNK
|y PREZ
|7 0
|p 17A0913058
|o snkSD 4664/2
|i snk398/47
|0 0
|1 0
|4 0
|d 2018-05-30
|f 1
|l 0
|r 2025-11-11 00:00:00
|w 2026-02-24
|